Atkins' molecules / (Record no. 3876)

MARC details
000 -LEADER
fixed length control field 01295cam a2200325 a 4500
001 - CONTROL NUMBER
control field 13147942
003 - CONTROL NUMBER IDENTIFIER
control field OSt
005 - DATE AND TIME OF LATEST TRANSACTION
control field 20160505181112.0
008 - FIXED-LENGTH DATA ELEMENTS--GENERAL INFORMATION
fixed length control field 030404s2003 enka 001 0 eng
010 ## - LIBRARY OF CONGRESS CONTROL NUMBER
LC control number 2003048571
020 ## - INTERNATIONAL STANDARD BOOK NUMBER
International Standard Book Number 0521525360
040 ## - CATALOGING SOURCE
Original cataloging agency DLC
Transcribing agency DLC
Modifying agency DLC
050 00 - LIBRARY OF CONGRESS CALL NUMBER
Classification number QD461
Item number .A83 2003
082 00 - DEWEY DECIMAL CLASSIFICATION NUMBER
Classification number 541.2
Edition number 21
Item number ATK 2001
100 1# - MAIN ENTRY--PERSONAL NAME
Personal name Atkins, Peter
Dates associated with a name 1940-
9 (RLIN) 8506
245 10 - TITLE STATEMENT
Title Atkins' molecules /
Statement of responsibility, etc. Peter Atkins.
250 ## - EDITION STATEMENT
Edition statement 2nd ed.
260 ## - PUBLICATION, DISTRIBUTION, ETC. (IMPRINT)
Place of publication, distribution, etc. Cambridge, U.K. ;
-- New York :
Name of publisher, distributor, etc. Cambridge University Press,
Date of publication, distribution, etc. 2001.
300 ## - PHYSICAL DESCRIPTION
Extent viii, 235 p. :
Other physical details col.ill;
Dimensions 26 cm.
500 ## - GENERAL NOTE
General note Rev. ed. of: Molecules. 1987.
500 ## - GENERAL NOTE
General note Includes index.
650 #0 - SUBJECT ADDED ENTRY--TOPICAL TERM
Topical term or geographic name as entry element Molecular structure.
9 (RLIN) 8507
650 #0 - SUBJECT ADDED ENTRY--TOPICAL TERM
Topical term or geographic name as entry element Molecules.
9 (RLIN) 8508
856 42 - ELECTRONIC LOCATION AND ACCESS
Materials specified Publisher description
Uniform Resource Identifier http://www.loc.gov/catdir/description/cam032/2003048571.html
856 41 - ELECTRONIC LOCATION AND ACCESS
Materials specified Table of contents
Uniform Resource Identifier http://www.loc.gov/catdir/toc/cam032/2003048571.html
856 42 - ELECTRONIC LOCATION AND ACCESS
Materials specified Contributor biographical information
Uniform Resource Identifier http://www.loc.gov/catdir/enhancements/fy0732/2003048571-b.html
906 ## - LOCAL DATA ELEMENT F, LDF (RLIN)
a 7
b cbc
c orignew
d 1
e ocip
f 20
g y-gencatlg
942 ## - ADDED ENTRY ELEMENTS (KOHA)
Source of classification or shelving scheme Dewey Decimal Classification
Koha item type Short Loan
Holdings
Withdrawn status Lost status Source of classification or shelving scheme Damaged status Not for loan Home library Current library Date acquired Inventory number Total Checkouts Full call number Barcode Date last seen Price effective from Koha item type
    Dewey Decimal Classification     MUST Main Library MUST Main Library 05/05/2016 2004/22140   541.2 ATK 2001 2016-1579 05/05/2016 05/05/2016 Short Loan